|
|
|
|
| LEADER |
00000nam a2200000 a 4500 |
| 001 |
vtls010264355 |
| 003 |
SK-MaSNL |
| 005 |
20260414091723.0 |
| 008 |
240313s2010 xr a g h 000 0bcze |
| 020 |
|
|
|a 9788073609627
|q (viaz.)
|
| 040 |
|
|
|a SNK
|b slo
|c SNK
|e AACR2
|
| 041 |
1 |
|
|a cze
|h ger
|
| 043 |
|
|
|a e-fr---
|
| 044 |
|
|
|a xr
|c CZ
|
| 072 |
|
7 |
|a 94(44/449.49)
|x Dejiny Francúzska a Monaka
|2 konspekt
|
| 072 |
|
7 |
|a 929
|x Biografie
|2 konspekt
|
| 080 |
|
|
|a 929.731
|2 2001
|
| 080 |
|
|
|a 355.081
|2 2001
|
| 080 |
|
|
|a 94(44)
|2 2001
|
| 080 |
|
|
|a (44)
|2 2001
|
| 080 |
|
|
|a (084.11)
|2 2001
|
| 080 |
|
|
|a (092)
|2 2001
|
| 100 |
1 |
|
|a Rebscher, Susanne,
|d 1966-
|4 aut
|9 1636821
|
| 240 |
1 |
0 |
|a Napoleon Bonaparte
|l Česky
|
| 245 |
1 |
0 |
|a Napoleon Bonaparte
|c Susanne Rebscher ; [z německého originálu přeložila Tereza Spěváčková]
|
| 260 |
|
|
|a Praha
|b Ottovo nakladatelství
|c 2010
|
| 300 |
|
|
|a [28] s.
|b ilustr., portréty, faksim.
|c 31 cm
|
| 500 |
|
|
|a Vlepené a voľné prílohy vložené do kapsičiek, niektoré str. sa rozkladajú
|
| 600 |
0 |
7 |
|a Napoleon
|b I.,
|c francúzsky cisár,
|d 1769-1821
|2 SNKMA
|9 81416
|
| 648 |
|
7 |
|a 18.-19. stor.
|2 SNKPH
|9 299191
|
| 648 |
|
7 |
|a 18th-19th centuries
|2 SNKPHeng
|9 306531
|
| 650 |
0 |
7 |
|a panovníci
|2 SNKPH
|9 4132
|
| 650 |
0 |
7 |
|a vojvodcovia
|2 SNKPH
|9 73450
|
| 650 |
0 |
7 |
|a Kings and rulers
|2 SNKPHeng
|9 283065
|
| 650 |
0 |
7 |
|a Military leaders
|2 SNKPHeng
|9 278330
|
| 651 |
|
7 |
|a Francúzsko
|2 SNKPH
|9 15907
|
| 651 |
|
7 |
|a France
|x History
|2 SNKPHeng
|9 198950
|
| 651 |
|
7 |
|a France
|2 SNKPHeng
|x History
|9 198950
|
| 655 |
|
7 |
|a obrazové publikácie
|2 SNKPH
|9 70343
|
| 655 |
|
7 |
|a biografie
|2 SNKPH
|9 27965
|
| 655 |
|
7 |
|a Pictorial works
|2 SNKPHeng
|9 284468
|
| 655 |
|
7 |
|a iography
|2 SNKPHeng
|9 439151
|
| 700 |
1 |
|
|a Spěváčková, Tereza
|4 trl
|9 439152
|
| 919 |
|
|
|a 978-80-7360-962-7
|
| 999 |
|
|
|c 693178
|d 695108
|
| 952 |
|
|
|t snkREB 929:94(44)
|a SNKUST
|b SNKUST
|y PREZ
|7 0
|p 17A0644995
|o snkIB 72395
|i snk2011/6048
|8 3
|g 20.46
|0 0
|1 0
|4 0
|d 2011-03-16
|l 0
|r 2025-05-29 00:00:00
|w 2026-02-23
|